000 01693nam2a22002891 4500
001 RU\NLR\IC12\5000101846
005 20250617025456.0
035 _a(NLR Aleph) 002396409
090 _a4646197
_c4646197
100 _a20050202d1925 |||y0rusy50 ca
101 0 _arus
102 _aRU
105 _ay ||||000|y
200 1 _aОб определении емкости поглощения и ненасыщенности почв
_fЕ.В. Бобко, Д.Л. Аскинази
210 _d1925
_aБ. м.
225 1 _a...
_v№70
_i...
_vВып.25
461 0 _1001RU\NLR\INFOCOMM7\5000021426
_12001#$aТруды научно-исследовательских институтов промышленности$fВСНХ СССР$v№70
_94613800
_cМ.-Л.
_d1923-1932
_fВСНХ СССР
_nГостехиздат
_tТруды научно-исследовательских институтов промышленности
_v№70
462 0 _1001RU\NLR\IC12\5000101833
_12001#$aТруды Научного института по удобрениям$vВып.25
_94646160
_aНИИ по удобрениям и инсектофунгицидам им. Я. В. Самойлова (Москва)
_cЛ.
_d1919-
_nНауч. химико-техн. изд-во
_tТруды научно-исследовательских институтов промышленности. - Труды Научного института по удобрениям
_vВып.25
700 1 _aБобко
_bЕ.В.
_4070
701 1 _aАскинази
_bД.Л.
_4070
801 1 _aRU
_bInfoComm
_c20050202
801 0 _aRU
_bNLR
_gPSBO
852 _aNLR
_jП13/735
942 _cISSUE
980 _aNB
980 _aRUSPER